[Event "Foros Aerosvit 3rd"]
[Site "Foros"]
[Date "2008.06.09"]
[Round "2"]
[White "Volokitin, Andrei"]
[Black "Onischuk, Alexander"]
[Result "1-0"]
[WhiteElo "2684"]
[BlackElo "2664"]
[Annotator "Marin,M"]
[PlyCount "61"]
[EventDate "2008.06.08"]
[EventType "tourn"]
[EventRounds "11"]
[EventCountry "UKR"]
[EventCategory "19"]
[SourceTitle "CBM 125"]
[Source "ChessBase"]
[SourceDate "2008.07.30"]
[SourceVersion "1"]
[SourceVersionDate "2008.07.30"]
[SourceQuality "1"]

1. d4 Nf6 2. c4 e6 3. g3 d5 4. Nf3 Be7 5. Bg2 O-O 6. O-O dxc4 7. Qc2 a6 8. Qxc4
b5 9. Qc2 Bb7 10. Bd2 Bd6 {After having been introduced by Anand into top
level practice, this move has rapidly become one of the main trends in the
Catalan.} 11. Re1 (11. Rd1 Nbd7 12. Ba5 Qb8 13. b4 e5 14. Nbd2 exd4 {Gelfand,B
(2733)-Anand,V (2792)/Mexico City 2007/CBM 120/[Marin,M] (1/2-1/2, 20)} (14...
Re8 {Georgiev,K (2649)-Onischuk,A (2674)/Kemer 2007/CBM 121/[Marin,M] (1-0, 71)
})) (11. Bg5 {Bauer,C (2571)-Bologan,V (2652)/Belfort 2002/CBM 090 (0-1, 40)})
11... Be4 12. Qc1 Nbd7 $6 {Leaving the bishop on the vulnerable e4-square
seems to be the main cause for Black's future problems.} ({In a recent game,
Anand preferred} 12... Bb7 13. Bg5 Nbd7 14. Nbd2 {deserves testing.} ({In
practice,} 14. e4 Be7 {was OK for Black so far} 15. Nbd2 c5 16. e5 Nd5 17. Ne4
cxd4 18. Qd2 ({Just days after the game Volokitin-Onishcuk, the following game
was played:} 18. Bxe7 Qxe7 19. Qd2 Ne3 {Same trick as in Gelfand-Anand.} 20.
fxe3 Bxe4 21. exd4 Bd5 $15 {Delchev,A (2618)-Ubilava,E (2525)/Benasque 2008 (1/
2-1/2, 45)}) 18... Bxg5 19. Nexg5 h6 20. Ne4 {Apparently, White is doing fine,
because of the control over the d6-square. Black's extra pawn is obviously
doomed, but, while alive, it can help to change the course of the game...} Ne3
$1 21. fxe3 Bxe4 22. exd4 Bd5 23. Nh4 Nb6 24. Be4 Rc8 25. Ng2 Bxe4 {1/2-1/2
Gelfand,B (2737)-Anand,V (2799)/Wijk aan Zee 2008/CBM 122. Only Black can be
better here.}) 14... c5 (14... Rc8 15. e4 $14) (14... Be7 15. Nb3 $14) 15. Bxf6
gxf6 (15... Nxf6 $2 16. dxc5 $16) (15... Qxf6 $2 16. Ne5 $1 $16) 16. Qc3 Rc8
17. Qe3 {Objectively speaking, the position may be equal. However, players
with high technique (such as Andersson and Kramnik; see for instance the games
Andersson-Ivanov 2000 and Kramnik-Deep Fritz 10, m/1 2006) may enjoy the
perspective of a better ending because of Black's weaknesses on both wings.})
13. Ba5 Qe7 (13... Rc8 14. Nc3 Bb7 15. e4 $14 b4 $2 16. e5 bxc3 17. exd6 $16)
14. Nbd2 {This natural move offers White an advantage without any risk.} ({
Therefore, it makes little sense to embark on unclear complications with} 14.
Bxc7 Rac8 15. Bxd6 Qxd6 16. Qe3 (16. Nc3 $2 Bxf3 $1 17. Bxf3 b4 $19) (16. Qd1
Nd5) 16... Bxf3 $5 17. Bxf3 Qb4 $32) 14... Bxf3 {An obvious positional
concession, but Black had problems anyway.} (14... Bb7 15. Bxc7 $14 (15. e4 $5
$14)) 15. Nxf3 $14 (15. Bxf3 Rac8 16. Bb7 Rb8 17. Bc6 e5 18. dxe5 Nxe5 19. Nf3
Nfg4 $132) 15... Rac8 (15... c5 16. Ne5 (16. e4 e5 17. d5 c4 $132 {[%cal Gd7c5,
Gc5d3]}) 16... Rac8 17. Nc6 Qe8 18. Qd2 $5 $14 c4 $6 19. Bb4 Bxb4 20. Qxb4 Kh8
21. a4 $16) 16. e4 e5 17. Nh4 {This move leads to interesting complications.} (
{The more solid} 17. Bh3 $5 {was probably not worse.} c5 (17... Rfe8 18. Qc2
Rcd8 19. d5 $14) 18. dxe5 Bxe5 19. Qc2 c4 20. Rad1 $14 {[%csl Ga5,Gh3][%cal
Ga5d8,Gh3c8]}) 17... g6 (17... exd4 18. Nf5 Qe5 $6 (18... Qe6 $142 19. Nxd4 Qe5
20. Bc3 $16) 19. Qg5 Ne8 20. f4 Qe6 (20... Qf6 21. e5 Qxg5 22. fxg5 Nxe5 23.
Rxe5 Bxe5 24. Ne7+ Kh8 25. Nxc8 $18) 21. Bh3 $40) 18. f4 exf4 19. e5 Nxe5 20.
dxe5 Bc5+ 21. Kf1 (21. Kh1 Ng4 $132) 21... Ng4 $6 {Probably underestimating
White's answer.} (21... Nh5 $5 {may have offered better chances to keep the
position complicated. Here is a possible white try to stabilize the position:}
22. g4 Bb6 23. gxh5 Qxh4 24. Bxb6 cxb6 25. Qd1 Qxh2 26. hxg6 hxg6 27. Qb3 $14)
22. Qxf4 $1 Nxh2+ 23. Ke2 $16 f6 (23... g5 24. Qf5 gxh4 25. Be4 f6 26. exf6
Qxe4+ (26... Rxf6 27. Qxc8+) (26... Qf7 27. Qxc5) 27. Qxe4 Rce8 (27... Rfe8 $5)
28. Qxe8 $1 (28. Kd3 $6 Rxe4 29. Rxe4 hxg3 30. Bxc7 Rxf6 $1 $44 (30... Bf2 $2
31. Bxg3 $1 Bxg3 32. Rg1 $16)) 28... Rxe8+ 29. Kd3 Rd8+ {White's king seems to
have problems avoiding perpetual, but after} 30. Ke4 (30. Kc2 hxg3 31. Bxc7 Rc8
32. Bxg3 Bf2+ $11) 30... Rd4+ 31. Kf5 Rd5+ 32. Ke6 Rd6+ 33. Ke7 Rd3+ 34. Ke8
$16 {it appears that Black has only helped him get to a very active square,
sustaining the f6-pawn.}) 24. Bd5+ Kg7 25. Bc3 b4 26. Bd2 Qxe5+ (26... fxe5 $2
27. Qh6+ Kh8 28. Nxg6#) 27. Qxe5 fxe5 28. Rac1 Bd6 $6 (28... Rf2+ 29. Kd3 Bd6
30. Re2 $16) (28... Bf2 29. Be6 $5 Bxe1 30. Bxe1 Rb8 31. Rxc7+ Kf6 32. Rc6 $16)
29. Rh1 $1 $18 Ng4 30. Be6 Nf2 31. Nf5+ (31. Nf5+ gxf5 32. Kxf2 Rce8 33. Bh6+
$18) 1-0

[Event "Foros Aerosvit"]
[Site "Foros"]
[Date "2007.06.26"]
[Round "8"]
[White "Shirov, Alexei"]
[Black "Onischuk, Alexander"]
[Result "1/2-1/2"]
[WhiteElo "2699"]
[BlackElo "2663"]
[Annotator "Marin,M"]
[PlyCount "84"]
[EventDate "2007.06.18"]
[EventType "tourn"]
[EventRounds "11"]
[EventCountry "UKR"]
[EventCategory "18"]
[SourceTitle "CBM 119"]
[Source "ChessBase"]
[SourceDate "2007.08.01"]
[SourceVersion "1"]
[SourceVersionDate "2007.08.01"]
[SourceQuality "1"]

1. d4 Nf6 2. c4 e6 3. Nf3 d5 4. g3 Be7 5. Bg2 O-O 6. O-O dxc4 7. Qc2 a6 8. Qxc4
b5 9. Qc2 Bb7 10. Bd2 Be4 11. Qc1 Qc8 {Recently, there has been some interest
in this line, occasionally employed by Karpov decades ago.} 12. Bg5 Nbd7 ({
Old theory had} 12... c5 13. Nbd2 Bb7 14. dxc5 Qxc5 {as the main line. Frankly,
I have never found anything convincing for White here.} 15. Qxc5 ({White's
position looked more pleasant all the way after} 15. Nb3 Qb6 16. Rd1 Bd5 17.
Be3 Qd8 18. Nfd4 Qe8 19. Nf5 Nbd7 20. Nxe7+ Qxe7 21. Bc5 Nxc5 22. Qxc5 Qxc5 23.
Nxc5 Bxg2 24. Kxg2 Rfc8 25. Rac1 Kf8 26. Kf3 {, but in fact Black had little
to worry about and the players agreed here to a draw in 1/2-1/2 Sosonko,G 
(2575)-Karpov,A (2710)/Tilburg 1983/MCD}) 15... Bxc5 16. Bxf6 gxf6 17. Rac1 Bb6
{Johannessen,L (2543)-Zagorskis,D (2478)/Saint Vincent 2005/CBM 110/[Ribli] (1/
2-1/2, 43)} (17... Nd7 {Ftacnik,L (2596)-Borriss,M (2424)/Saint Vincent 2005/
CBM 110/[Ribli] (1/2-1/2, 53)})) 13. Nbd2 Bb7 14. Nb3 {As usual in this line
of the Catalan, the c5-square is critical. Black aims to carry out ...c5 in
the best form, while White would like to block the c-pawn.} a5 {A rare move.} (
14... c5 {has been tried at high level recently. After} 15. Bxf6 {Onischuk
tried the gambit move} Bxf6 $5 {in Gelfand,B (2717)-Onischuk,A (2640)/Beer
Sheva 2005/CBM 110/[Gelfand] (1/2-1/2, 31), but he failed to equalize
completely.} ({Surprisingly,} 15... gxf6 {offered Black entirely adequate play
in Grischuk,A (2710)-Bologan,V (2683)/Poikovsky 2005/CBM 106/[Ribli] (1/2-1/2,
78)})) 15. Bxf6 $6 {While I was playing over this game on my magnetic chess
set, my 9-year-old son Victor happened to be around and pay some attention to
the moves. He expressed his doubts about White's moving around with already
developed pieces (Qc2xc4-c2-c1 and Bd2-g5) while several pieces are on their
initial squares, something I categorically forbid him to do. I somehow managed
to explain to him that the Catalan is a subtle opening, where White has his
reasons for doing that. However, when he saw White's last move ("Never capture
a pinned knight with the bishop before he forces you do it with ...h6!" I
always tell him) he called the Catalan "an unprincipled variation" and lost
all his interest towards the game. I was about to mumble something about the
fact that sometimes it is useful to force Black to take a decision about which
of the 3 pieces would re-capture on f6, but then I understood that this might
be not one of those cases. The exchange on f6 remains a permanent strategic
threat, but I believe there are more urgent things to do.} ({For instance} 15.
Rd1 {and only after} a4 {exchange on f6:} 16. Bxf6 {when the inserton of the
moves Rd1 and ...a4 clearly favours White.} Bxf6 ({Black can deviate from the
natural course of the game with} 16... gxf6 {, keeping the c5-square well
defended, but after} 17. Nc5 Nxc5 18. dxc5 Bd5 19. Qh6 Kh8 20. Rac1 $14 {
followed by the exchange of the light-squared bishops I prefer White anyway.})
17. Nc5 Bd5 (17... Nxc5 18. Qxc5 Bd5 19. Ne1 $14) 18. e4 $1 $14) ({Fighting
for the queenside light squares with} 15. a4 {also makes sense.} Bd5 16. Nbd2
$14 {/\e4, /\axb5.}) 15... Nxf6 $6 $146 ({Now, White's previous move will be
fully justified.} 15... gxf6 $6 {is unsatisfactory. Such a move usually makes
sense when Black has played ...c5 already.} 16. a4 $14) ({However, it makes
more sense to keep the c5-square defended by the knight, so that after an
eventual exchange Black is left with the dark-squared bishop in order to
unblock the c5-square easier.} 15... Bxf6 $1 16. Nc5 Bd5 17. Rd1 Nxc5 18. Qxc5
Qb7 19. Rac1 Rac8 20. Ne1 Rfd8 21. e3 c6 22. b3 (22. Qc2) 22... Be7 {/\...Ba3,
...c5 1/2-1/2 Sigurjonsson,G (2440)-Speelman,J (2520)/Brighton 1981/MCD}) 16.
Nc5 ({Here, too} 16. a4 {makes some sense, but the text move is good enough.})
16... Bd5 17. Ne5 Bxg2 18. Kxg2 $14 {White has firm control of the centre now.}
c6 (18... Qd8 19. Rd1 Qd5+ 20. f3 Bxc5 21. Qxc5 Qxc5 22. dxc5 Rfd8 {is
insufficient for equality because of} 23. Nc6 Rd7 24. e4 $14 {[%csl Rd8][%cal
Yg2f2,Yf2e3] and Black will not be able to challenge White-s control of the
only open file.}) 19. Ncd3 $6 {This voluntary retreat will allow Black to
activate his position somewhat and will create problems for White in finding
good retreat squares for the other knight.} (19. Qc2 $5 {[%cal Ya1c1,Yf1d1]}
Rd8 (19... Bxc5 20. Qxc5 Nd7 21. Nxd7 Qxd7 22. Rfc1 Rac8 {maintains White's
minimal advantage despite simplifications.} 23. Rc3 $14) 20. Rfd1 (20. e3 Rd5
21. Ned3 e5 $1 (21... Bxc5 22. Nxc5 e5 23. dxe5 Rxe5 24. Rfd1 Rh5 25. h4 g5 26.
Rd6 Ne8 27. Qd1 $1 $16) 22. dxe5 Nd7 $132) 20... Qc7 (20... Rd5 21. e4 $14) 21.
Rac1 $14) (19. Rd1 $14 {[%cal Yc1c2,Ya1c1]}) 19... Ra6 20. Qe3 Nd5 21. Qf3 (21.
Qe4 f6 22. Nf3 f5 23. Qe5 Bf6 24. Qd6 Be7 $11) 21... f6 22. Ng4 {Not a good
square for the knight.} c5 23. dxc5 Nb4 $5 {In the aforementioned game against
Gelfand, Onischuk also opted for gambit play.} ({The simpler} 23... Bxc5 {
was probably good enough for equality. Generally, a "Catalan" player is just
too happy to get such a symmetrical position with black weakneses on e6 and b5,
but here the bad placement of the g4-knight evens the balance.}) 24. Nf4 Qc6 (
24... Bxc5 $5) 25. a3 Nc2 26. Qxc6 Rxc6 27. Rac1 Nd4 28. b4 Rd8 29. e4 $6 (29.
Rfd1 e5 30. e3 exf4 31. exd4 h5 32. d5 Rcc8 33. d6 (33. Kf3 $5) 33... Bxd6 34.
cxd6 Rxc1 35. Rxc1 Rxd6 36. Nxf6+ Rxf6 37. Rc5 $14) 29... Kf7 30. Nd3 axb4 31.
axb4 Rc7 32. f3 Nc6 33. Ngf2 Rd4 34. Rb1 Ra7 $44 {White has no clear way to
activate his position.} 35. Rb2 f5 36. exf5 exf5 37. Rfb1 Bf6 38. f4 Ra4 39.
Re2 Nxb4 40. Ne5+ Bxe5 41. Rxe5 g6 42. c6 Nxc6 1/2-1/2

[Event "EU-ch 12th"]
[Site "Aix les Bains"]
[Date "2011.03.30"]
[Round "8"]
[White "Shimanov, Aleksandr"]
[Black "Salgado Lopez, Ivan"]
[Result "0-1"]
[WhiteElo "2550"]
[BlackElo "2630"]
[Annotator "Marin,M"]
[PlyCount "38"]
[EventDate "2011.03.22"]
[EventType "swiss"]
[EventRounds "11"]
[EventCountry "FRA"]
[SourceTitle "CBM 142 Extra"]
[Source "ChessBase"]
[SourceDate "2011.06.27"]
[SourceVersion "1"]
[SourceVersionDate "2011.06.27"]
[SourceQuality "1"]

1. d4 Nf6 2. Nf3 d5 3. c4 e6 4. g3 Be7 5. Bg2 O-O 6. O-O dxc4 7. Qc2 b5 $5 8.
a4 b4 $1 {The most consistent move. In the past, theory related with
skepticism to Black's queenside structure, but things are far from one-sided.
True, the c4-square has been weakened, but what about White's b3-square? In
certain cases, the a4-pawn may become vulnerable, while the b4-pawn can become
a dangerous candidate to promotion. I checked my old trusted Neischtadt book
on the Catalan and had to agree that sometimes there are new things under the
sun! Neischtadt only gives two inferior alternatives, leading to pleasant play
for White and concludes that 7...b5 is not recommendable.} (8... bxa4 9. Na3
Bb7 10. Rd1 Nbd7 11. Nxc4 Be4 12. Qxa4 Nb6 13. Qa6 Nfd5 14. Bd2 $14 {
Romanishin,O (2485)-Levit,R (2200)/Riga 1975/MCD (1-0, 27)}) (8... c6 9. axb5
Nd5 (9... cxb5 10. Ng5 h6 11. Bxa8 hxg5 12. Bxg5 $16) 10. bxc6 Nxc6 11. Qxc4
$16 {Romanishin,O (2560)-Azmaiparashvili,Z/Tbilisi 1979/EXT 2002 (1-0, 44)}) 9.
Ne5 {Recommended by some old edition of the ECO.} ({For the more cautious} 9.
Nbd2 {see Ragger,M (2614)-Vallejo Pons,F (2707)/Aix-les-Bains 2011/CBM 142 
[Marin] (1/2, 40)}) 9... Qxd4 $5 {Ivan is reported to have declared to his
friends after the game: "Today I refuted the Catalan!" He might not have been
aware of the fact that 25 days earlier it had been Vladimir Georgiev to
introduce this new move.} ({Actually, the consequences of the older} 9... Nd5 {
are far from clear, too.} 10. e4 b3 11. Qd1 ({Maybe he should try} 11. Qxc4 Ba6
12. Qxb3 Bxf1 13. Bxf1 Nb4 14. Be3 Nd7 15. Nxd7 Qxd7 16. Nd2 {White certainly
has compensation for the exchange, because of his centre and control over the
dark squares, but is this enough for more than equality?!}) 11... Nb4 12. Na3
Ba6 $132 {Koshy,V (2380)-Ravikumar,V (2395)/Delhi 1982/MCD (0-1, 20)}) 10. Bxa8
({The thematic intermediate move} 10. Nxf7 $6 {does not work out too well.} Nd5
11. Ng5 Bxg5 12. Bxg5 Nc6 $17 {It looks like White has just lost a pawn.}) (10.
Nd2 {fails to question Blacks concept, too} Qxe5 11. Nxc4 Qh5 12. Bxa8 Ng4 13.
h4 c6 $44) 10... Qxe5 {The position has calmed down. Black has two far
advanced pawns for the exchange, although one of them may be lost. One
important aspect is that White has shot his main bullet already, the pressure
along the h1-a8 diagonal. Soon, he will have to spend a tempo on retreating
with the bishop, in order to avoid letting it caged after ...c6.} 11. Bf3 $6
$15 {After this over-cautious move, Black manages to keep both his pawns and
very active play.} (11. Bg2 $6 $15 {is quite similar.} Ba6 12. Bf4 Qa5 13. Nd2
b3 14. Qc1 Qb4 15. Nb1 Nd5 16. Bd2 Qc5 17. Nc3 Nc6 $15 {Abel,D (2411)-Piorun,K
(2521)/Deizisau 2011/ (0-1, 51). Black is fully developed, while White's
pieces are very passive.}) ({The critical continuation (but probably NOT a
refutation of the Catalan's refutation) is} 11. Bf4 $5 {This move is important
for two reasons. First of all, the enemy queen has to define her intentions.
Secondly, the move ...c6 is prevented, because the b8-knight is hanging.} Qh5 (
11... Qa5 $6 {allows White taking advantage of the latter aspect mentioned
above with} 12. Nd2 $1 $16 {without the least compensation for Black.}) 12. Bf3
Ng4 13. Bxg4 (13. h4 $2 e5 $1 14. Bc1 Bxh4 $1 $19) 13... Qxg4 14. Nd2 {White
should dveelop as soon as possible. Other moves are risky.} (14. Re1 Nc6 15.
Qxc4 e5 $36) (14. f3 Qf5 15. Qxc4 Ba6 $17) 14... e5 $5 {Black should also act
quickly and activate his pieces.} (14... Qxe2 15. Rfe1 Qd3 16. Qxc4 Qxc4 17.
Nxc4 $14 {Black is OK from material point of view, but the queenside structure
has become imobile and White is very active.}) 15. Bxe5 Nc6 16. Nxc4 (16. Bxc7
Be6 $44) 16... Ba6 17. Ne3 Qe6 $1 {The bishop is trapped in the middle of the
board. White cannot retreat with it to f4 because of the killing ...Nd4.
therefore, the next sacrifice is forced.} 18. Bxg7 $8 Kxg7 19. Nf5+ Kh8 20.
Nxe7 Nxe7 $44 {An interesting position with approximate material equality and
chances for both sides.}) 11... Ba6 12. Bf4 Qa5 $146 ({The initial game with
this line went} 12... Qc5 $6 13. Be3 Qa5 {, leaving the c7-pawn somewhat
hanging.} 14. Nd2 b3 15. Qc1 Qb4 16. Bd4 $6 ({He should at least have grabbed
the pawn, although Black's compensation is out of question.} 16. Bxa7 Nd5 17.
Ne4 Nc6 18. Be3 f5 19. Bd2 Qb7 20. Nc3 Nd4 $44) 16... Nd5 $15 {Matjushin,G 
(2490)-Georgiev,V (2579)/Cappelle la Grande 2011/ (0-1, 31)}) 13. Nd2 b3 14.
Qc1 Qb4 15. Be5 $6 ({In a game played a few weeks later, White regrouped with} 
15. Nb1 Nd5 16. Bd2 Qc5 17. Nc3 {, safely blocking the queenside majority.
However, after} Nc6 18. Rd1 Rd8 $15 {Black had overwhelming activity in
Shankland,S (2512)-Shabalov,A (2590)/Saint Louis 2011/ (0-1, 39)}) ({Once
again, since White cannot do much to improve his position, he could consider
pawn grabbing, although this time he would not get a passed pawn as in the
initial game.} 15. Bxc7 Nd5 16. Bf4 (16. Bxd5 exd5 17. Be5 Nc6 18. Bc3 Qd6 $17)
16... Nxf4 17. gxf4 Nd7 $15) 15... Nd5 16. e4 $6 {Badly weakening the position.
} Nc6 17. Bxg7 (17. Bc3 Nxc3 18. bxc3 Qa5 $19 {The c3-pawn and the d3-square
are weak, while the b3-pawn may become a killer.}) 17... Kxg7 18. exd5 Nd4 (
18... Bg5 $19) 19. dxe6 $6 Qxd2 $1 0-1